000 00455nam a22001457a 4500
003 0
005 20221116133632.0
008 221116b xxu||||| |||| 00| 0 eng d
050 _aHF5549
_b.F84 2019
245 _aPayroll system for 1238 builders
_cKevin Cedric S. Fuentes
260 _aLas Pinas City, Philippines
_bSouthville International School and Colleges
_cC2019
300 _avii,92pp.
_c28cm.
_fTheses
500 _aPayroll system.
942 _2lcc
_cTH
999 _c364898
_d364898